[Event "URU-chT Regional"]
[Site "Punta del Este"]
[Date "2020.11.01"]
[Round "3.1"]
[White "Moreira, Marcelo"]
[Black "Carbone, Diego"]
[Result "0-1"]
[WhiteElo "2077"]
[BlackElo "2219"]
[PlyCount "32"]
[EventDate "2020.10.31"]
[EventType "team-swiss"]
[EventRounds "5"]
[EventCountry "URU"]
[SourceTitle "CBM 199 Extra"]
[Source "ChessBase"]
[SourceDate "2021.01.31"]
[SourceVersion "1"]
[SourceVersionDate "2021.01.31"]
[SourceQuality "1"]
[WhiteTeam "Lavalleja"]
[BlackTeam "Montevideo CBR"]
[WhiteTeamCountry "URU"]
[BlackTeamCountry "URU"]

1. Nf3 Nf6 2. c4 e6 3. Nc3 d5 4. cxd5 exd5 5. d4 Bb4 6. Bg5 h6 7. Bh4 g5 8. Bg3 Ne4 9. Qb3 c5 10. e3 Qa5 11. Rc1 c4 12. Qc2 Bf5 13. Qd1 Nxc3 14. bxc3 Bxc3+ 15. Nd2 Nc6 16. Be2 0-0-0 0-1

[Event "Punta del Este Alekhine op"]
[Site "Punta del Este"]
[Date "2020.03.08"]
[Round "4"]
[White "Durante, Aurelio"]
[Black "Moreira, Marcelo"]
[Result "0-1"]
[WhiteElo "1964"]
[BlackElo "2060"]
[PlyCount "78"]
[EventDate "2020.03.06"]
[EventType "swiss"]
[EventRounds "5"]
[EventCountry "URU"]
[SourceTitle "EXT 2021"]
[Source "ChessBase"]
[SourceDate "2020.10.23"]
[SourceVersion "1"]
[SourceVersionDate "2020.10.23"]
[SourceQuality "1"]

1. e4 c6 2. Nf3 d5 3. Nc3 Bg4 4. h3 Bxf3 5. Qxf3 e6 6. g3 Nf6 7. Bg2 Nbd7 8. 0-0 Bb4 9. d3 0-0 10. Qe2 Qc7 11. Bf4 e5 12. Bd2 d4 13. Nd1 Bd6 14. c4 a5 15. b3 b5 16. f4 Rfb8 17. Rc1 b4 18. Nb2 Nc5 19. fxe5 Bxe5 20. Rf5 Nfd7 21. Rcf1 Rf8 22. Bf4 a4 23. Nxa4 Nxa4 24. bxa4 Rxa4 25. Qb2 c5 26. g4 g6 27. Rxe5 Nxe5 28. Qf2 Qe7 29. Qg3 Re8 30. Rf2 Ra3 31. Bf1 Nxc4 32. h4 Ne5 33. Bc1 Ra7 34. h5 Ra6 35. Rh2 Qe6 36. Rg2 Rxa2 37. Rxa2 Qxa2 38. hxg6 fxg6 39. Qf4 Rf8 0-1

[Event "Punta del Este Alekhine op"]
[Site "Punta del Este"]
[Date "2020.03.07"]
[Round "2"]
[White "Moreira, Marcelo"]
[Black "Visillac, Alejandro"]
[Result "1-0"]
[WhiteElo "2060"]
[BlackElo "1799"]
[PlyCount "75"]
[EventDate "2020.03.06"]
[EventType "swiss"]
[EventRounds "5"]
[EventCountry "URU"]
[SourceTitle "EXT 2021"]
[Source "ChessBase"]
[SourceDate "2020.10.23"]
[SourceVersion "1"]
[SourceVersionDate "2020.10.23"]
[SourceQuality "1"]

1. d4 Nf6 2. c4 g6 3. Nc3 Bg7 4. e4 d6 5. h3 0-0 6. Be3 Nc6 7. Nf3 e5 8. d5 Ne7 9. g4 a6 10. Be2 Bd7 11. Nd2 c6 12. g5 Nh5 13. Bxh5 gxh5 14. Qxh5 Ng6 15. 0-0-0 b5 16. Kb1 c5 17. Ne2 bxc4 18. Nxc4 Bb5 19. Rc1 Rb8 20. Ng3 Qd7 21. Qd1 Qb7 22. Qd2 Rfd8 23. Nf5 Bf8 24. h4 a5 25. h5 Nf4 26. Bxf4 exf4 27. Rh3 a4 28. Na3 Bd7 29. h6 Qb4 30. Nc4 Bxf5 31. exf5 Qxd2 32. Nxd2 Re8 33. Rc4 Be7 34. Rxf4 Bd8 35. Re4 Ba5 36. Rxe8+ Rxe8 37. Nc4 Bc7 38. Re3 1-0

[Event "Punta del Este Interdepartamental"]
[Site "Punta del Este"]
[Date "2019.08.25"]
[Round "4.1"]
[White "Moreira, Marcelo"]
[Black "Curi, Gabriel"]
[Result "0-1"]
[WhiteElo "2061"]
[BlackElo "2195"]
[PlyCount "50"]
[EventDate "2019.08.23"]
[EventType "team-swiss"]
[EventRounds "5"]
[EventCountry "URU"]
[SourceTitle "EXT 2020"]
[Source "ChessBase"]
[SourceDate "2019.10.17"]
[SourceVersion "1"]
[SourceVersionDate "2019.10.17"]
[SourceQuality "1"]
[WhiteTeam "Lavalleja"]
[BlackTeam "Montevideo Trebejos"]
[WhiteTeamCountry "URU"]
[BlackTeamCountry "URU"]

1. d4 e6 2. Nf3 d5 3. c4 c6 4. Nc3 dxc4 5. g3 b5 6. Bg2 Bb7 7. 0-0 Nd7 8. e4 Ngf6 9. Qe2 Be7 10. Rd1 0-0 11. Ne5 Nxe5 12. dxe5 Nd7 13. Bf4 Qc7 14. Rxd7 Qxd7 15. Qg4 Rfd8 16. Bh6 Bf8 17. Ne2 Qc7 18. f4 Kh8 19. Bg5 Be7 20. Bf6 gxf6 21. exf6 Bxf6 22. e5 Bxe5 23. fxe5 Qxe5 24. Rf1 Rd2 25. Rxf7 Qe3+ 0-1

[Event "URU Department-chT"]
[Site "Punta del Este"]
[Date "2018.08.25"]
[Round "4.42"]
[White "Durante, Aurelio"]
[Black "Moreira, Marcelo"]
[Result "0-1"]
[WhiteElo "1973"]
[BlackElo "2067"]
[PlyCount "126"]
[EventDate "2018.08.24"]
[EventType "team-swiss"]
[EventRounds "5"]
[EventCountry "URU"]
[SourceTitle "EXT 2019"]
[Source "ChessBase"]
[SourceDate "2018.10.10"]
[SourceVersion "1"]
[SourceVersionDate "2018.10.10"]
[SourceQuality "1"]
[WhiteTeam "Canelones Las Piedras"]
[BlackTeam "Lavalleja"]
[WhiteTeamCountry "URU"]
[BlackTeamCountry "URU"]

1. e4 c6 2. d3 d5 3. Nd2 Nd7 4. Ngf3 e5 5. g3 Ngf6 6. Bg2 Bd6 7. 0-0 0-0 8. Re1 Qc7 9. c3 a5 10. Qc2 h6 11. Nh4 dxe4 12. dxe4 Nc5 13. Nc4 Re8 14. h3 b5 15. Nxd6 Qxd6 16. Be3 Be6 17. Rad1 Qf8 18. Nf5 Red8 19. b3 Rxd1 20. Rxd1 a4 21. b4 Nb7 22. g4 Nd7 23. Bf1 Nf6 24. Rd2 Rd8 25. f3 Rxd2 26. Qxd2 Ne8 27. a3 Ned6 28. Qf2 Qd8 29. Qg3 f6 30. h4 Nf7 31. Qe1 Nbd6 32. Bc1 Nxf5 33. gxf5 Bb3 34. Kh2 Qd7 35. Be3 Nd8 36. Qc1 Qf7 37. Qd2 Nb7 38. Kg3 Qe7 39. Qc1 Qf7 40. Bd3 g5 41. Kg4 Nd6 42. Bc5 Ne8 43. Qg1 Ng7 44. Kh3 Qh5 45. Qg4 gxh4 46. Be3 Bd1 47. c4 bxc4 48. Bxc4+ Kh7 49. Qxh5 Nxh5 50. Kxh4 Bxf3 51. Bd3 Nf4 52. Bxf4 exf4 53. Bc2 Kg7 54. Bd3 Bd1 55. b5 cxb5 56. Bxb5 Kf8 57. Kh3 Ke7 58. Kg2 Kd6 59. Kf2 Ke5 60. Bc6 h5 61. Ke1 Bc2 62. Kf2 h4 63. Kf3 h3 0-1

[Event "URU Department-chT"]
[Site "Punta del Este"]
[Date "2018.08.24"]
[Round "1.32"]
[White "Moreira, Marcelo"]
[Black "Curi, Gabriel"]
[Result "0-1"]
[WhiteElo "2067"]
[BlackElo "2153"]
[PlyCount "80"]
[EventDate "2018.08.24"]
[EventType "team-swiss"]
[EventRounds "5"]
[EventCountry "URU"]
[SourceTitle "EXT 2019"]
[Source "ChessBase"]
[SourceDate "2018.10.10"]
[SourceVersion "1"]
[SourceVersionDate "2018.10.10"]
[SourceQuality "1"]
[WhiteTeam "Lavalleja"]
[BlackTeam "Montevideo Gripe"]
[WhiteTeamCountry "URU"]
[BlackTeamCountry "URU"]

1. d4 d5 2. Nf3 Nf6 3. e3 g6 4. Bd3 Bg7 5. b3 0-0 6. Bb2 c5 7. Nbd2 cxd4 8. exd4 Nc6 9. a3 Bf5 10. Qe2 Bxd3 11. Qxd3 Rc8 12. 0-0 Qd7 13. c4 dxc4 14. bxc4 Rfd8 15. Rfd1 Nh5 16. Nb3 Nf4 17. Qf1 Qg4 18. Rab1 e6 19. Kh1 b6 20. Bc1 e5 21. Bxf4 Qxf4 22. d5 Nb8 23. Nfd2 Nd7 24. Qe2 Bf8 25. g3 Qf5 26. Ne4 Bxa3 27. Ra1 Bf8 28. Rxa7 Rxc4 29. Qxc4 Qf3+ 30. Kg1 Qxd1+ 31. Kg2 Kg7 32. Qc6 Qxb3 33. Rxd7 Rxd7 34. Qf6+ Kg8 35. Qxe5 Re7 36. Nf6+ Kh8 37. Qa1 Qb4 38. d6 Re1 39. Qa2 Re6 40. Qa8 Qxd6 0-1

[Event "URU-ch Amateur"]
[Site "Colonia del Sacramento"]
[Date "2016.07.18"]
[Round "6.1"]
[White "Muzzi, Eduardo"]
[Black "Moreira, Marcelo"]
[Result "1/2-1/2"]
[WhiteElo "1940"]
[BlackElo "2054"]
[PlyCount "26"]
[EventDate "2016.07.15"]
[EventType "swiss"]
[EventRounds "7"]
[EventCountry "URU"]
[SourceTitle "EXT 2024"]
[Source "ChessBase"]
[SourceDate "2023.10.10"]
[SourceVersion "1"]
[SourceVersionDate "2023.10.10"]
[SourceQuality "1"]

1. e4 c6 2. d4 d5 3. exd5 cxd5 4. Bd3 Nc6 5. c3 Nf6 6. Bf4 Bg4 7. Qb3 Bc8 8. Nd2 g6 9. Ngf3 Bg7 10. 0-0 0-0 11. Rfe1 Re8 12. h3 a6 13. a4 Nh5 1/2-1/2

[Event "URU-ch Amateur"]
[Site "Colonia del Sacramento"]
[Date "2016.07.17"]
[Round "5.4"]
[White "Barboza, Mauro"]
[Black "Moreira, Marcelo"]
[Result "0-1"]
[WhiteElo "1946"]
[BlackElo "2054"]
[PlyCount "74"]
[EventDate "2016.07.15"]
[EventType "swiss"]
[EventRounds "7"]
[EventCountry "URU"]
[SourceTitle "EXT 2024"]
[Source "ChessBase"]
[SourceDate "2023.10.10"]
[SourceVersion "1"]
[SourceVersionDate "2023.10.10"]
[SourceQuality "1"]

1. e4 d5 2. exd5 Qxd5 3. Nc3 Qd6 4. d4 Nf6 5. Nf3 g6 6. Bb5+ c6 7. Be2 Bg7 8. 0-0 0-0 9. Bg5 Bf5 10. Re1 Re8 11. Ne5 Qd8 12. Bc4 Nd5 13. Nxd5 cxd5 14. Bb5 f6 15. Bxe8 Qxe8 16. Qf3 Qd8 17. g4 Bc8 18. Qa3 fxg5 19. Qf3 Bf6 20. Re3 Nc6 21. Rd1 Bxe5 22. dxe5 Be6 23. c3 Qd7 24. h3 Rf8 25. Qg3 Rf4 26. f3 Qc7 27. h4 Qb6 28. Qf2 gxh4 29. g5 Qd8 30. Qh2 Qf8 31. Qg2 Qf5 32. Rde1 d4 33. cxd4 Nxd4 34. Rf1 Bd5 35. Qd2 Qxg5+ 36. Kh1 Qg3 37. Rc1 Bxf3+ 0-1

[Event "Punta del Este op 4th"]
[Site "Punta del Este"]
[Date "2015.11.13"]
[Round "1"]
[White "Moreira, Marcelo"]
[Black "Riella, Andres"]
[Result "1-0"]
[WhiteElo "2074"]
[BlackElo "1647"]
[PlyCount "61"]
[EventDate "2015.11.13"]
[EventType "swiss"]
[EventRounds "5"]
[EventCountry "URU"]
[SourceTitle "CBM 169 Extra"]
[Source "ChessBase"]
[SourceDate "2015.12.18"]
[SourceVersion "1"]
[SourceVersionDate "2015.12.18"]
[SourceQuality "1"]

1. d4 Nf6 2. Nf3 d5 3. Bf4 e6 4. e3 c5 5. c3 Nc6 6. Bd3 Bd6 7. dxc5 Bxf4 8. exf4 0-0 9. 0-0 Ne4 10. Nbd2 f5 11. Nb3 Qe7 12. Re1 Qc7 13. g3 Bd7 14. Nfd4 Rf6 15. f3 Rg6 16. fxe4 dxe4 17. Bf1 Qxf4 18. Qd2 Qc7 19. Nxc6 Bxc6 20. Nd4 Rd8 21. Qe2 a6 22. Nxc6 Qxc6 23. Qe3 Qc7 24. Rad1 Rd5 25. b4 f4 26. Qxe4 fxg3 27. h4 Qf7 28. Qg2 Rf6 29. Rxd5 exd5 30. Bd3 Rf3 31. Rf1 1-0

[Event "American Continental 11th"]
[Site "Montevideo"]
[Date "2015.05.17"]
[Round "4"]
[White "El Ters, Antouan"]
[Black "Moreira, Marcelo"]
[Result "1-0"]
[WhiteElo "2208"]
[BlackElo "2077"]
[PlyCount "29"]
[EventDate "2015.05.15"]
[EventType "swiss"]
[EventRounds "11"]
[EventCountry "URU"]
[SourceTitle "CBM 167"]
[Source "ChessBase"]
[SourceDate "2015.07.13"]
[SourceVersion "1"]
[SourceVersionDate "2015.07.13"]
[SourceQuality "1"]

1. e4 c5 2. Nf3 e6 3. d4 cxd4 4. Nxd4 a6 5. c4 Nf6 6. Bd3 Nc6 7. Nxc6 dxc6 8. 0-0 e5 9. Nc3 Be7 10. h3 0-0 11. Be3 Nd7 12. Bc2 a5 13. Na4 b6 14. Qh5 Ba6 15. Rfd1 1-0

[Event "URU-chT Departamental"]
[Site "Punta del Este"]
[Date "2014.11.09"]
[Round "4.51"]
[White "Moreira, Marcelo"]
[Black "Fernandez Rodriguez, Antonio"]
[Result "1-0"]
[WhiteElo "2051"]
[BlackElo "1917"]
[PlyCount "55"]
[EventDate "2014.11.07"]
[EventType "team-swiss"]
[EventRounds "5"]
[EventCountry "URU"]
[SourceTitle "EXT 2017"]
[Source "ChessBase"]
[SourceDate "2016.10.25"]
[SourceVersion "1"]
[SourceVersionDate "2016.10.25"]
[SourceQuality "1"]

1. Nf3 f5 2. d4 g6 3. g3 Nf6 4. Bg2 Bg7 5. 0-0 d6 6. c4 0-0 7. Nc3 Qe8 8. d5 e5 9. dxe6 Na6 10. Nd4 c6 11. Re1 Bxe6 12. e4 fxe4 13. Nxe4 Nxe4 14. Rxe4 Nc5 15. Re1 Qf7 16. Nxe6 Nxe6 17. f4 Rad8 18. Rb1 Nc7 19. Qb3 Rfe8 20. Be3 Qf5 21. Bxa7 Qa5 22. Bf2 Bd4 23. Rxe8+ Rxe8 24. Bxd4 Re1+ 25. Rxe1 Qxe1+ 26. Bf1 c5 27. Qe3 Qd1 28. Bc3 1-0

[Event "URU-chT Departamental"]
[Site "Punta del Este"]
[Date "2014.11.07"]
[Round "1.71"]
[White "Moreira, Marcelo"]
[Black "Alvarez, Miguel"]
[Result "1-0"]
[WhiteElo "2051"]
[BlackElo "1883"]
[PlyCount "79"]
[EventDate "2014.11.07"]
[EventType "team-swiss"]
[EventRounds "5"]
[EventCountry "URU"]
[SourceTitle "EXT 2017"]
[Source "ChessBase"]
[SourceDate "2016.10.25"]
[SourceVersion "1"]
[SourceVersionDate "2016.10.25"]
[SourceQuality "1"]

1. Nf3 Nf6 2. c4 c5 3. g3 Nc6 4. Bg2 d6 5. 0-0 e6 6. Nc3 Be7 7. d4 cxd4 8. Nxd4 Bd7 9. Ndb5 Bc8 10. Bf4 e5 11. Bg5 a6 12. Na3 0-0 13. Nc2 Be6 14. Bxf6 Bxf6 15. Ne3 Qd7 16. Ned5 Bd8 17. Qd2 Bh3 18. Rab1 Bxg2 19. Kxg2 f5 20. e3 g5 21. f3 Kh8 22. e4 Nd4 23. Ne2 Ne6 24. Ne3 f4 25. Nf5 Bc7 26. Nc3 Ng7 27. g4 Nxf5 28. exf5 b5 29. c5 b4 30. Ne4 d5 31. Nxg5 Rg8 32. Ne6 Rac8 33. Rbd1 d4 34. Qe2 Qc6 35. Nxc7 Rxg4+ 36. Kf2 Qf6 37. fxg4 Qh4+ 38. Kg2 Rxc7 39. Qxe5+ Rg7 40. Rxf4 1-0

[Event "URU-chT Clubs"]
[Site "Punta del Este"]
[Date "2014.08.24"]
[Round "4.42"]
[White "Abadal, Marcelo"]
[Black "Moreira, Marcelo"]
[Result "1/2-1/2"]
[WhiteElo "1944"]
[BlackElo "2071"]
[PlyCount "85"]
[EventDate "2014.08.23"]
[EventType "team-swiss"]
[EventRounds "5"]
[EventCountry "URU"]
[SourceTitle "EXT 2017"]
[Source "ChessBase"]
[SourceDate "2016.10.25"]
[SourceVersion "1"]
[SourceVersionDate "2016.10.25"]
[SourceQuality "1"]

1. e4 c5 2. Nf3 e6 3. d4 cxd4 4. Nxd4 a6 5. Nc3 Qc7 6. a3 Nf6 7. Be3 b5 8. Be2 Bb7 9. Bf3 d6 10. Nb3 Nbd7 11. Bf4 Ne5 12. 0-0 Nc4 13. Bc1 Rc8 14. Nd2 Nxa3 15. Rxa3 b4 16. Rb3 bxc3 17. Rxc3 Qb8 18. Rxc8+ Qxc8 19. Re1 Be7 20. Nb3 0-0 21. Qe2 Qc7 22. c3 a5 23. Qb5 Ra8 24. Be3 a4 25. Nd4 Ra5 26. Qd3 Nd7 27. Nb5 Qb8 28. c4 Ne5 29. Qc3 Ra6 30. Bd4 Bf6 31. Bd1 Nd7 32. Bxf6 Nxf6 33. Bf3 e5 34. Qd3 Ne8 35. Rd1 Bc6 36. Nxd6 Rb6 37. Nf5 Kf8 38. Qa3+ Rb4 39. Rd8 Qb6 40. Rc8 Bd7 41. Rd8 Bc6 42. Rc8 Bd7 43. Rd8 1/2-1/2

[Event "URU-chT Clubs"]
[Site "Punta del Este"]
[Date "2014.08.24"]
[Round "3.42"]
[White "Moreira, Marcelo"]
[Black "Soto, Nicolas"]
[Result "0-1"]
[WhiteElo "2071"]
[BlackElo "2013"]
[PlyCount "94"]
[EventDate "2014.08.23"]
[EventType "team-swiss"]
[EventRounds "5"]
[EventCountry "URU"]
[SourceTitle "EXT 2017"]
[Source "ChessBase"]
[SourceDate "2016.10.25"]
[SourceVersion "1"]
[SourceVersionDate "2016.10.25"]
[SourceQuality "1"]

1. e4 e6 2. d4 d5 3. Nc3 Bb4 4. exd5 exd5 5. Bd3 c6 6. a3 Bd6 7. Nce2 Bg4 8. Be3 Nd7 9. Qd2 Qc7 10. h3 Bh5 11. Nf4 Bg6 12. Nxg6 hxg6 13. Nf3 Ngf6 14. Qe2 0-0-0 15. Ng5 Rhf8 16. 0-0 Nh5 17. Rfe1 Nf4 18. Bxf4 Bxf4 19. Nf3 Nf6 20. g3 Rde8 21. Qf1 Bd6 22. Qg2 Nh7 23. Rec1 Kb8 24. c4 Qd7 25. b4 Nf6 26. c5 Bc7 27. b5 Ka8 28. Rcb1 Ne4 29. b6 axb6 30. cxb6 Bd6 31. a4 Kb8 32. a5 Kc8 33. a6 bxa6 34. Rxa6 Bb8 35. b7+ Kd8 36. Ne5 Rxe5 37. dxe5 Nc5 38. Ra8 Kc7 39. Ba6 Qf5 40. Rc1 Kb6 41. Qf1 Rh8 42. Kh2 Ne4 43. f4 g5 44. fxg5 Qxg5 45. Rb1+ Kc5 46. Qg1+ d4 47. Qf1 Qxg3+ 0-1

[Event "URU-chT Clubs"]
[Site "Punta del Este"]
[Date "2014.08.23"]
[Round "2.42"]
[White "Barla, Rafael"]
[Black "Moreira, Marcelo"]
[Result "0-1"]
[WhiteElo "1850"]
[BlackElo "2071"]
[PlyCount "72"]
[EventDate "2014.08.23"]
[EventType "team-swiss"]
[EventRounds "5"]
[EventCountry "URU"]
[SourceTitle "EXT 2017"]
[Source "ChessBase"]
[SourceDate "2016.10.25"]
[SourceVersion "1"]
[SourceVersionDate "2016.10.25"]
[SourceQuality "1"]

1. d4 d5 2. e3 g6 3. c4 Nf6 4. cxd5 Nxd5 5. Nc3 Bg7 6. Nf3 0-0 7. Bd3 c5 8. Qb3 Nf6 9. d5 b6 10. e4 Nc6 11. Qd1 Nb4 12. Be2 Na6 13. 0-0 Nc7 14. Bf4 Bb7 15. Qc2 Nd7 16. Rad1 e5 17. dxe6 Nxe6 18. Bb5 Nd4 19. Qa4 a6 20. Bxd7 b5 21. Bxb5 axb5 22. Qxb5 Nxb5 23. Rxd8 Rfxd8 24. Nxb5 Bxe4 25. Nd6 Bxf3 26. gxf3 Rxa2 27. Nb7 Rc8 28. Nd6 Rca8 29. Kg2 Rxb2 30. Re1 Bd4 31. Re7 Rxf2+ 32. Kg3 Ra3 33. Rxf7 Raxf3+ 34. Kg4 h5+ 35. Kg5 Rxf4 36. Rb7 Rg4+ 0-1

[Event "URU pre olympic"]
[Site "Punta del Este"]
[Date "2014.06.22"]
[Round "4"]
[White "Moreira, Marcelo"]
[Black "Augoustis Funti, Alexis"]
[Result "1/2-1/2"]
[WhiteElo "2071"]
[BlackElo "1985"]
[PlyCount "31"]
[EventDate "2014.06.20"]
[EventType "swiss"]
[EventRounds "5"]
[EventCountry "URU"]
[SourceTitle "EXT 2018"]
[Source "ChessBase"]
[SourceDate "2017.10.13"]
[SourceVersion "1"]
[SourceVersionDate "2017.10.13"]
[SourceQuality "1"]

1. e4 e6 2. d4 d5 3. e5 b6 4. c3 Qd7 5. Bd3 Ba6 6. Ne2 Bxd3 7. Qxd3 Ne7 8. Nd2 h5 9. Nf3 c5 10. 0-0 Nbc6 11. b3 Ng6 12. Re1 Be7 13. Bg5 Na5 14. Bxe7 Kxe7 15. Qe3 Rac8 16. Qg5+ 1/2-1/2

[Event "URU pre olympic"]
[Site "Punta del Este"]
[Date "2014.06.21"]
[Round "2"]
[White "Moreira, Marcelo"]
[Black "Pinero, Ismael"]
[Result "1/2-1/2"]
[WhiteElo "2071"]
[BlackElo "1913"]
[PlyCount "79"]
[EventDate "2014.06.20"]
[EventType "swiss"]
[EventRounds "5"]
[EventCountry "URU"]
[SourceTitle "EXT 2018"]
[Source "ChessBase"]
[SourceDate "2017.10.13"]
[SourceVersion "1"]
[SourceVersionDate "2017.10.13"]
[SourceQuality "1"]

1. d4 Nf6 2. c4 g6 3. Nc3 Bg7 4. Nf3 d6 5. g3 0-0 6. Bg2 Nc6 7. 0-0 e5 8. d5 Na5 9. Nd2 c5 10. a3 b6 11. b4 Nb7 12. e4 a6 13. Nb3 Bd7 14. bxc5 Nxc5 15. Nxc5 bxc5 16. Bd2 Rb8 17. Qc2 Nh5 18. Rfb1 Qc7 19. a4 f5 20. a5 fxe4 21. Bxe4 Nf6 22. Rxb8 Rxb8 23. Rb1 Rb4 24. Bd3 Qxa5 25. Nd1 Qb6 26. Bxb4 cxb4 27. Nc3 a5 28. Na4 Qa7 29. Rc1 e4 30. Be2 Bh6 31. Ra1 Bf5 32. Qb3 Bg4 33. Bxg4 Nxg4 34. c5 Bg7 35. Re1 Qf7 36. Rf1 Bd4 37. c6 Ne5 38. Qc2 e3 39. c7 exf2+ 40. Kg2 1/2-1/2

[Event "URU-ch"]
[Site "Montevideo"]
[Date "2014.04.08"]
[Round "8"]
[White "Sanguinetti, Luis"]
[Black "Moreira, Marcelo"]
[Result "1-0"]
[WhiteElo "2241"]
[BlackElo "2056"]
[PlyCount "63"]
[EventDate "2014.04.02"]
[EventType "tourn"]
[EventRounds "11"]
[EventCountry "URU"]
[SourceTitle "CBM 159 Extra"]
[Source "ChessBase"]
[SourceDate "2014.04.24"]
[SourceVersion "1"]
[SourceVersionDate "2014.04.24"]
[SourceQuality "1"]

1. d4 d5 2. c4 e6 3. Nc3 Nf6 4. cxd5 exd5 5. Bg5 c6 6. e3 Be7 7. Bd3 0-0 8. Qc2 Nbd7 9. Nge2 Re8 10. 0-0-0 Nf8 11. Kb1 a5 12. f3 a4 13. Nxa4 Qa5 14. Nac3 b5 15. b3 Bb4 16. Rc1 Be6 17. Bxf6 gxf6 18. Ka1 Rec8 19. Nb1 c5 20. dxc5 Nd7 21. Qb2 Nxc5 22. Bc2 Rc6 23. Rhd1 Rca6 24. Nec3 Nb7 25. Rd4 Nd6 26. Rcd1 Qc7 27. Rxb4 Rc6 28. Bd3 Qa5 29. Rh4 Rca6 30. Bxh7+ Kf8 31. Rd2 Qb6 32. Rhd4 1-0

[Event "URU-ch"]
[Site "Montevideo"]
[Date "2014.04.07"]
[Round "7"]
[White "Moreira, Marcelo"]
[Black "Muniz, Rafael"]
[Result "1-0"]
[WhiteElo "2056"]
[BlackElo "2267"]
[PlyCount "79"]
[EventDate "2014.04.02"]
[EventType "tourn"]
[EventRounds "11"]
[EventCountry "URU"]
[SourceTitle "CBM 159 Extra"]
[Source "ChessBase"]
[SourceDate "2014.04.24"]
[SourceVersion "1"]
[SourceVersionDate "2014.04.24"]
[SourceQuality "1"]

1. e4 c5 2. Nc3 e6 3. f4 a6 4. Nf3 b5 5. g3 Bb7 6. d3 b4 7. Ne2 d5 8. e5 Ne7 9. Bg2 Nf5 10. 0-0 h5 11. h3 Nc6 12. c3 Qb6 13. Qe1 Qb5 14. Qd1 a5 15. Qc2 c4 16. d4 a4 17. g4 hxg4 18. hxg4 Nh4 19. f5 b3 20. Qb1 Nxf3+ 21. Bxf3 exf5 22. gxf5 0-0-0 23. Nf4 g5 24. fxg6 fxg6 25. Ne6 Re8 26. Bg4 Kb8 27. Rxf8 Rhxf8 28. Nxf8 Rxf8 29. Qxg6 Ka7 30. Bg5 bxa2 31. Rxa2 Nxe5 32. Qd6 Nf3+ 33. Kg2 Ne1+ 34. Kg3 Rg8 35. Qe7 Nd3 36. Bd7 Rxg5+ 37. Kh4 Nf4 38. Kxg5 Nh3+ 39. Bxh3 Qb3 40. Ra3 1-0

[Event "URU-ch"]
[Site "Montevideo"]
[Date "2014.04.03"]
[Round "2"]
[White "Arcos Facio, Mateo"]
[Black "Moreira, Marcelo"]
[Result "1/2-1/2"]
[WhiteElo "2199"]
[BlackElo "2056"]
[PlyCount "117"]
[EventDate "2014.04.02"]
[EventType "tourn"]
[EventRounds "11"]
[EventCountry "URU"]
[SourceTitle "CBM 159 Extra"]
[Source "ChessBase"]
[SourceDate "2014.04.24"]
[SourceVersion "1"]
[SourceVersionDate "2014.04.24"]
[SourceQuality "1"]

1. e4 c5 2. Nf3 e6 3. b4 cxb4 4. a3 Nc6 5. axb4 Bxb4 6. c3 Bf8 7. d4 d5 8. e5 Nge7 9. Bd3 Bd7 10. 0-0 Na5 11. Nbd2 b5 12. Ba3 Nc8 13. Bxf8 Kxf8 14. Qb1 Nc4 15. Bxc4 dxc4 16. Ne4 a5 17. Nfd2 Bc6 18. f4 g6 19. Nf6 h5 20. Nf3 Ne7 21. Qe1 Bxf3 22. Rxf3 Nd5 23. Ne4 b4 24. Nd6 Nxc3 25. Rxc3 bxc3 26. Qxc3 Qc7 27. Qxc4 Qxc4 28. Nxc4 Kg7 29. Rxa5 Rxa5 30. Nxa5 Ra8 31. Nb3 Ra3 32. Nd2 Ra2 33. Nf3 Kf8 34. h3 Ke7 35. Kh2 Kd7 36. Ng5 Ke7 37. Nf3 f5 38. Kg3 Rb2 39. Nh4 Rb3+ 40. Nf3 Ra3 41. Kh2 Kd7 42. Nh4 Rd3 43. Nxg6 Rxd4 44. Kg3 Rd2 45. Kf3 Ra2 46. Nf8+ Ke7 47. Ng6+ Kf7 48. Nh4 Ke8 49. Ng6 Ra3+ 50. Kf2 Ra7 51. g3 Rg7 52. Nh4 Kd7 53. Nf3 Kc6 54. Ng5 Kd5 55. h4 Ra7 56. Kf3 Ra6 57. Ke3 Ra2 58. Kf3 Ra3+ 59. Kf2 1/2-1/2

[Event "URU-ch sf"]
[Site "Montevideo"]
[Date "2014.03.02"]
[Round "4"]
[White "Izquierdo, Daniel"]
[Black "Moreira, Marcelo"]
[Result "1/2-1/2"]
[WhiteElo "2227"]
[BlackElo "2020"]
[PlyCount "73"]
[EventDate "2014.02.28"]
[EventType "swiss"]
[EventRounds "9"]
[EventCountry "URU"]
[SourceTitle "CBM 159 Extra"]
[Source "ChessBase"]
[SourceDate "2014.04.24"]
[SourceVersion "1"]
[SourceVersionDate "2014.04.24"]
[SourceQuality "1"]

1. Nf3 Nf6 2. c4 c6 3. b3 d5 4. Bb2 e6 5. g3 Bd6 6. Bg2 0-0 7. 0-0 Nbd7 8. d3 e5 9. Nbd2 Re8 10. Nh4 Nf8 11. e4 d4 12. Nf5 c5 13. h3 a5 14. Nxd6 Qxd6 15. Nf3 Ng6 16. Bc1 a4 17. Bd2 Bd7 18. Qc2 Rec8 19. Rfb1 axb3 20. Qxb3 Ba4 21. Qb6 Bc6 22. Be1 Ra6 23. Qb2 Rca8 24. Nd2 Qb8 25. Nb3 Qa7 26. Nc1 Nd7 27. Qe2 Nb6 28. Rb3 Ba4 29. Rb2 Bc6 30. Rab1 Na4 31. Rb3 Nb6 32. Bd2 Nc8 33. Qg4 Nd6 34. h4 Qb8 35. h5 Nf8 36. Bh6 Ne8 37. f4 1/2-1/2

[Event "URU-ch sf"]
[Site "Montevideo"]
[Date "2014.03.02"]
[Round "5"]
[White "Moreira, Marcelo"]
[Black "Coppola, Claudio"]
[Result "1-0"]
[WhiteElo "2020"]
[BlackElo "2202"]
[PlyCount "57"]
[EventDate "2014.02.28"]
[EventType "swiss"]
[EventRounds "9"]
[EventCountry "URU"]
[SourceTitle "CBM 159 Extra"]
[Source "ChessBase"]
[SourceDate "2014.04.24"]
[SourceVersion "1"]
[SourceVersionDate "2014.04.24"]
[SourceQuality "1"]

1. e4 e5 2. Nf3 Nf6 3. Nxe5 d6 4. Nf3 Nxe4 5. Bd3 Nf6 6. h3 Be7 7. 0-0 0-0 8. c3 c6 9. Bc2 Qa5 10. Re1 Re8 11. d4 Bf5 12. Nbd2 Bxc2 13. Qxc2 Nbd7 14. Nf1 Nf8 15. Ng3 Ng6 16. Bd2 Qc7 17. c4 d5 18. c5 Nf4 19. Qf5 Ne6 20. Re3 g6 21. Qc2 Nd7 22. Rae1 Bf6 23. b4 Red8 24. Bc3 h5 25. Rxe6 fxe6 26. Qxg6+ Bg7 27. Nxh5 Nb8 28. Ng5 Na6 29. Qh7+ 1-0